|
|
|
|
| LEADER |
00000cam a2200000 i 4500 |
| 001 |
1/40599 |
| 008 |
950215s1981 gre d |
| 035 |
|
|
|a 1995
|l 10041293
|
| 040 |
|
|
|a GR-MY-UA
|b gre
|e aacr
|
| 041 |
0 |
|
|a gre
|
| 082 |
0 |
|
|a 515.15
|
| 100 |
1 |
|
|a Rassias, John Michael.
|
| 245 |
1 |
0 |
|a Επίλεκτα θέματα διανυσματικού λογισμού αναλυτικής γεωμετρίας /
|c Ιωάννης Μ. Ρασσιάς
|
| 260 |
|
|
|a Αθήνα :
|b Ηβος,
|c 1981
|
| 300 |
|
|
|a 204 σ.;
|c 25 εκ.
|
| 500 |
|
|
|a Οδηγός για τις πανελλήνιες εξετάσεις Γ λυκείου, θέματα εισαγωγικών εξετάσεων (1978-80), βοηθήματα για φοιτητές 1ου έτους θετικής κατεύθυνσης
|
| 504 |
|
|
|a Βιβλιογραφία: σ.203-204
|
| 650 |
0 |
0 |
|a Differential calculus
|x Problems, exercises, etc.
|
| 650 |
0 |
0 |
|a Geometry, Analytic
|x Problems, exercises, etc.
|
| 852 |
|
|
|a INST
|b SAMOS
|e 19950215
|h 515.15 ΡΑΣ
|p 005300004130
|q 005300004130
|t BK
|y 0
|
| 909 |
|
|
|a Σ
|b 035497
|